000 00919nam a22002297a 4500
999 _c664
_d664
003 AR-CdUCM
008 190225b ||||| |||| 00| 0 eng d
040 _aMUNICIPALIDAD PROVINCIAL DEL CUSCO
_cBIBLIOTECA MUNICIPAL DEL CUSCO
041 _heng
082 _a160 /
_bP34
100 _aPears, David
_92579
245 _aRussell´s logical atomism
260 _aFontana:
_bCollins,
_c1972.
300 _a174 páginas ;
_c17.5 cm.
505 _aContenido: The philosophy of logical atomism (1918) -- Facts and propositions -- Particulars, predicates, and relations -- Atomic and molecular propositions -- Propositions and fects with more than one verb, beliefs, etc. -- general propositions and existence...
650 _aLogical Atomims
_92580
650 _aFilosofía-lógica
_92581
650 _aBertrand Russell
_92582
650 _aLudwig Wittgenstein
_92583
942 _2ddc
_cLIBROS
945 _alccs
_d2019-02-25